Vatican II. Instruments de travail en vue d'une herméneutique des textes conciliaires (notice n° 1583316)
[ vue normale ]
| 000 -LEADER | |
|---|---|
| fixed length control field | 01018cam a2200205 4500500 |
| 005 - DATE AND TIME OF LATEST TRANSACTION | |
| control field | 20251228052323.0 |
| 041 ## - LANGUAGE CODE | |
| Language code of text/sound track or separate title | fre |
| 042 ## - AUTHENTICATION CODE | |
| Authentication code | dc |
| 100 10 - MAIN ENTRY--PERSONAL NAME | |
| Personal name | Routhier, Gilles |
| Relator term | author |
| 245 00 - TITLE STATEMENT | |
| Title | Vatican II. Instruments de travail en vue d'une herméneutique des textes conciliaires |
| 260 ## - PUBLICATION, DISTRIBUTION, ETC. | |
| Date of publication, distribution, etc. | 2012.<br/> |
| 500 ## - GENERAL NOTE | |
| General note | 53 |
| 520 ## - SUMMARY, ETC. | |
| Summary, etc. | RésuméL’interprétation des textes du concile Vatican II peut faire appel à diverses ressources. Cet article dresse une bibliographie complète des instruments de travail pertinents pour entreprendre une telle recherche : documents d’archives, textes inédits aujourd’hui édités, actes officiels du concile et textes conciliaires eux-mêmes. |
| 690 ## - LOCAL SUBJECT ADDED ENTRY--TOPICAL TERM (OCLC, RLIN) | |
| Topical term or geographic name as entry element | concile Vatican II |
| 690 ## - LOCAL SUBJECT ADDED ENTRY--TOPICAL TERM (OCLC, RLIN) | |
| Topical term or geographic name as entry element | herméneutique |
| 690 ## - LOCAL SUBJECT ADDED ENTRY--TOPICAL TERM (OCLC, RLIN) | |
| Topical term or geographic name as entry element | instruments de travail |
| 690 ## - LOCAL SUBJECT ADDED ENTRY--TOPICAL TERM (OCLC, RLIN) | |
| Topical term or geographic name as entry element | textes conciliaires |
| 786 0# - DATA SOURCE ENTRY | |
| Note | Transversalités | 121 | 1 | 2012-03-01 | p. 103-113 | 1286-9449 |
| 856 41 - ELECTRONIC LOCATION AND ACCESS | |
| Uniform Resource Identifier | <a href="https://shs.cairn.info/revue-transversalites-2012-1-page-103?lang=fr&redirect-ssocas=7080">https://shs.cairn.info/revue-transversalites-2012-1-page-103?lang=fr&redirect-ssocas=7080</a> |
Pas d'exemplaire disponible.




Réseaux sociaux